00573nam a2200169Ia 4500003000400000008004100004040001600045082001900061100003500080245008400115260005500199300001000254490005400264650001900318650003000337650003600367GCL140319s9999 xx 000 0 ara d aGCL / cGCL04aطb796bا م1 aامين انور الخولى10aمسافات الميدان والمضمار / cامين انور الخولى a[S.N] : bدار الفكر العربى ، c1991 a32 ص aالمعرفة الرياضية للبراعمv004aالاطفال04aتعليم الاطفال04aالالعاب الرياضية